000 00809nas a2200265 4500
001 BR0505127
003 BR-BrBNA
005 20231205105703.0
007 ta
008 230509b bl.|||p| |||| 00| 00por d
040 _aBR-BrBNA
_bpor
_cBiblioteca Nacional de Agricultura
041 _a(Pt)
072 _aH60
100 1 _aCarvalho, F.T.
100 1 _aVelini, E.D.
100 1 _aNegrisoli, E.
100 1 _aRossi, C.V.S.
245 1 _aEficácia do carfentrazone-ethyl no controle de plantas aquáticas latifoliadas em caixas-d'água
650 _aERVA DANINHA
650 _aHERBICIDA
650 _aRESERVATÓRIO DE ÁGUA
773 0 _tPlanta Daninha (Brazil)
_xISSN 0100-8358
_g(Apr-Jun 2005), v. 23(2) p. 305-310
_wBR0505127
909 _a202311
_bLúcia
_c55
_dLúcia Elande
942 _2AGRIS
_n0
_cANA
999 _c184155
_d184155